00682nam a2200181Ia 4500001000700000008004100007020002200048082001400070100001900084245016200103260004300265300001100308500006000319503001800379504003300397650002800430700004200458Z_7141220601s9999 xx 000 0 und d a978-90-8998-801-0 a540.9 L69 aLowe, Derek B. aEl libro de la química: de la polvora a las enzimas artificiales, 250 historias de la química / Derek B. Lowe ; traducción Francisco Martínez López aKerkdriel, Netherlands : Librero b. v. a527 p. aTraducción de la obra en inglés: The Chemistry Book aej.1: consumo aBibliografía: p. 514 - 524 a1. Química - Historia aMartínez López, Francisco, tr.Ì